000 00735nam a22002537a 4500
001 121741
003 UA-OsUOA
005 20220423222924.0
007 ta
008 20170328b un ||||| |||| 00| 0 ukr d
040 _aUA-OsUOA
_brus
_cUA-OsUOA
_dUA-OsUOA
041 _arus
080 _a821.161.1
090 _a821.161.1
_bГ71
100 _aГорький М.
245 _aСобрание сочинений в 30 томах
260 _aМ.
_bГослитиздат
_c1953
300 _a464 с.
505 _gТ. 23
_tСтатьи 1895–1906
650 7 _a82 Література. Літературознавство
_2UDC
942 _cBK
_2udc
955 _a3
999 _c407774
_d407774